000 00501nam a2200157 i 4500
001 69488
003 ES-MaACL
005 20230906170530.0
007 t|
008 040706s1970 sp ||||1| spa d
100 1 _aGarcía de Cortázar y Ruiz de Aguirre, José Ángel.
_954415
245 1 0 _aHistoria general de la alta edad media /
_cJosé Angel García de Cortázar y Ruiz de Aguirre.
260 _aMadrid :
_bMayfee,
_c[1970]
300 _a332 p. ;
_c24 cm.
852 _aES-MaACL
_jC-37605
_bR.76217
999 _c69488
_d69488